=LDR 00000nam 2200000 4500 =001 INLIS000000000045695 =005 20150209085955.0 =006 =007 =008 =020 ##$$a 978-602-221-164-8 =035 ##$$0010-021500000000255 =040 ##$$a NBPDMAT =082 ##$$a 665.3 =090 ##$$a 665.3 $b Hep e =100 ##$$a Hepi Sukaryawan =245 ##$$a Energi Terbarukan Untuk Keselamatan Bumi / $c Hepi Sukaryawan ; Editor, Sapta Hardian =260 ##$$a Jakarta : $b Gading Inti Prima, $c 2013 =300 ##$$a vi,92 hlm $b Ilus $c 24 cm =500 ##$$a Bibliografi : hal. 91 =500 ##$$a Indeks : hlm. 92 =650 ##$$a Energi - Terbarukan =700 ##$$a Sapta Hardiani =990 ##$$a 0001/BPAP-NTB/2016